[Event "IX Otwarty Turniej Szachowy<br>o laur am"]
[Site "Krakow"]
[Date "2013.??.??"]
[Round "1.9"]
[White "Peronczyk, Karol"]
[Black "Poreba, Witold"]
[Result "1-0"]
[WhiteElo "1764"]
[BlackElo "1474"]
[PlyCount "57"]
[EventDate "2013.??.??"]

1. e4 e5 2. Nf3 Nc6 3. Bc4 Bc5 4. d3 h6 5. Be3 Bxe3 6. fxe3 d6 7. Qe2 Be6 8.
Bb3 Bxb3 9. axb3 a6 10. O-O Nf6 11. Nc3 O-O 12. d4 exd4 13. exd4 Nd7 14. Rae1
Ne7 15. e5 d5 16. e6 Nf6 17. exf7+ Rxf7 18. Qe6 Ng6 19. Ne5 Qe7 20. Nxg6 Qxe6
21. Rxe6 c6 22. Rfe1 Kh7 23. Ne5 Rc7 24. Nd3 Kg8 25. Re7 Rac8 26. Nc5 Kf8 27.
Rxc7 Rxc7 28. Ne6+ Kf7 29. Nxc7 1-0

[Event "IX Otwarty Turniej Szachowy<br>o laur am"]
[Site "Krakow"]
[Date "2013.??.??"]
[Round "1.10"]
[White "Pniaczek, Marek"]
[Black "Zegota, Andrzej"]
[Result "0-1"]
[WhiteElo "1467"]
[BlackElo "1742"]
[PlyCount "116"]
[EventDate "2013.??.??"]

1. e4 c5 2. Nf3 e6 3. d4 cxd4 4. Nxd4 a6 5. c4 Qc7 6. a3 Nf6 7. Nc3 b6 8. Bd3
Bb7 9. O-O Be7 10. Be3 d6 11. Qd2 Nbd7 12. f3 Rc8 13. Rac1 O-O 14. b4 Ne5 15.
Nce2 Qd7 16. Rfd1 g6 17. Kh1 d5 18. cxd5 exd5 19. exd5 Nxd5 20. Bf2 Nxd3 21.
Qxd3 Rxc1 22. Rxc1 Rc8 23. Rxc8+ Qxc8 24. h3 b5 25. Qd2 Qc4 26. Bg3 Bf6 27. Bd6
Kg7 28. Bc5 h5 29. Ng3 Qc3 30. Nxh5+ gxh5 31. Nf5+ Kg8 32. Nh6+ Kh7 33. Qxc3
Nxc3 34. Nxf7 Kg6 35. Nd6 Bc6 36. Kg1 Nb1 37. Kf2 Nxa3 38. g4 Nc2 39. f4 hxg4
40. hxg4 Bc3 41. Kg3 Bxb4 42. f5+ Kf6 43. Bxb4 Nxb4 44. Kh4 Nd5 45. Ne4+ Ke5
46. Ng3 Ne7 47. Kg5 Bd5 48. Ne2 b4 49. Nf4 b3 50. f6 Ng8 51. Nxd5 Nxf6 52. Nb4
Ne4+ 53. Kh6 Kd4 54. g5 Nxg5 55. Kxg5 Kc3 56. Nxa6 Kc4 57. Nc7 b2 58. Ne6 b1=Q
0-1

[Event "IX Otwarty Turniej Szachowy<br>o laur am"]
[Site "Krakow"]
[Date "2013.??.??"]
[Round "1.11"]
[White "Tikhonov, Valeri"]
[Black "Puklo, Tomasz"]
[Result "1-0"]
[WhiteElo "1732"]
[BlackElo "1361"]
[PlyCount "55"]
[EventDate "2013.??.??"]

1. e4 c5 2. Nf3 d6 3. d3 g6 4. g3 Bg7 5. Bg2 Nc6 6. O-O Nf6 7. Nbd2 O-O 8. Re1
Rb8 9. Nf1 e6 10. Bg5 b5 11. c3 Bb7 12. d4 cxd4 13. cxd4 Qc7 14. Rc1 Rfe8 15.
d5 exd5 16. exd5 Rxe1 17. Nxe1 Nxd5 18. Bxd5 Qb6 19. Nd3 Rc8 20. Be3 Bd4 21.
Qb3 Rc7 22. Nb4 Na5 23. Qd1 Bxe3 24. Nxe3 Bc8 25. Rxc7 Qxc7 26. Qc2 Qd8 27. Nc6
Nxc6 28. Qxc6 1-0

[Event "IX Otwarty Turniej Szachowy<br>o laur am"]
[Site "Krakow"]
[Date "2013.??.??"]
[Round "1.12"]
[White "Usarz, Michal"]
[Black "Ptaszek, Piotr"]
[Result "1/2-1/2"]
[WhiteElo "1191"]
[BlackElo "1724"]
[PlyCount "112"]
[EventDate "2013.??.??"]

1. e4 c6 2. d4 d5 3. exd5 cxd5 4. Nf3 Nf6 5. Bf4 Nc6 6. Nbd2 Bg4 7. Bd3 Nxd4 8.
O-O e6 9. c3 Nc6 10. Qa4 Bxf3 11. Nxf3 Bd6 12. Bb5 O-O 13. Bxc6 bxc6 14. Bxd6
Qxd6 15. Nd4 c5 16. Nb5 Qc6 17. Qa5 Rfb8 18. Nc7 Ne4 19. Nxa8 Rxa8 20. Rad1 Nd6
21. b3 h5 22. Qa3 a5 23. Rfe1 a4 24. Qb2 a3 25. Qe2 g6 26. Qe5 Ne4 27. f3 f6
28. Qf4 Nxc3 29. Qxf6 Nxd1 30. Qxg6+ Kf8 31. Rxe6 Qxe6 32. Qxe6 Re8 33. Qf5+
Kg7 34. Qg5+ Kf8 35. Qd2 Ne3 36. g3 d4 37. b4 Rb8 38. Qc1 c4 39. Qxa3 Nc2 40.
Qa7 Rxb4 41. Qc5+ Ke8 42. a3 Rb1+ 43. Kf2 d3 44. Qxc4 Rf1+ 45. Kxf1 Ne3+ 46.
Kf2 Nxc4 47. f4 Kf7 48. a4 Kf6 49. a5 Nxa5 50. Ke3 Kf5 51. Kxd3 Nc6 52. Ke3 Ne7
53. Kf3 Nd5 54. h3 Nf6 55. g4+ hxg4+ 56. hxg4+ Nxg4 1/2-1/2

[Event "IX Otwarty Turniej Szachowy<br>o laur am"]
[Site "Krakow"]
[Date "2013.??.??"]
[Round "4.1"]
[White "Peronczyk, Karol"]
[Black "Matysiak, Samuel"]
[Result "1/2-1/2"]
[WhiteElo "1764"]
[BlackElo "1851"]
[PlyCount "45"]
[EventDate "2013.??.??"]

1. d4 c5 2. dxc5 Nc6 3. Nf3 e5 4. b3 Bxc5 5. Bb2 Nf6 6. e3 e4 7. Nd4 d5 8. Nd2
O-O 9. Be2 Ne5 10. O-O Bg4 11. h3 Bxe2 12. Qxe2 Rc8 13. Nf5 Re8 14. Rad1 Qd7
15. Ng3 Qe7 16. c4 dxc4 17. bxc4 Bb4 18. Ndxe4 Nxe4 19. Nxe4 Nxc4 20. Rd4 Nxb2
21. Qxb2 a5 22. Rfd1 h6 23. Nd6 1/2-1/2

[Event "IX Otwarty Turniej Szachowy<br>o laur am"]
[Site "Krakow"]
[Date "2013.??.??"]
[Round "4.2"]
[White "Janik, Andrzej"]
[Black "Deka, Konrad"]
[Result "1/2-1/2"]
[WhiteElo "1875"]
[BlackElo "1711"]
[PlyCount "53"]
[EventDate "2013.??.??"]

1. Nf3 Nf6 2. g3 g6 3. Bg2 Bg7 4. O-O O-O 5. d3 d5 6. Nbd2 c5 7. c3 Nc6 8. Qc2
Re8 9. e4 e5 10. Re1 b6 11. Nf1 Bb7 12. Bg5 d4 13. c4 Qd6 14. Qe2 a6 15. Nh4 b5
16. b3 b4 17. f4 Bc8 18. f5 h6 19. Bd2 g5 20. Nf3 Bd7 21. a4 a5 22. h3 Nh7 23.
N3h2 Kf8 24. Bf3 Ke7 25. Bh5 Rh8 26. Ng4 Nf6 27. Ngh2 1/2-1/2

[Event "IX Otwarty Turniej Szachowy<br>o laur am"]
[Site "Krakow"]
[Date "2013.??.??"]
[Round "4.3"]
[White "Czarnik, Josef"]
[Black "Zegota, Andrzej"]
[Result "1-0"]
[WhiteElo "2016"]
[BlackElo "1742"]
[PlyCount "47"]
[EventDate "2013.??.??"]

1. d4 c6 2. e4 d5 3. Nc3 dxe4 4. Nxe4 Nf6 5. Nxf6+ exf6 6. c3 Bd6 7. Bd3 O-O 8.
Ne2 Re8 9. Be3 Qc7 10. Qc2 g6 11. O-O-O Be6 12. Kb1 Qa5 13. b3 Na6 14. h4 Qc7
15. h5 f5 16. g3 c5 17. hxg6 hxg6 18. Bxa6 bxa6 19. d5 Bd7 20. Qd2 c4 21. Bd4
Be5 22. Qh6 Bxd4 23. cxd4 f6 24. Qxg6+ 1-0

[Event "IX Otwarty Turniej Szachowy<br>o laur am"]
[Site "Krakow"]
[Date "2013.??.??"]
[Round "4.4"]
[White "Wilk, Maciej"]
[Black "Lozynski, Kamil"]
[Result "1/2-1/2"]
[WhiteElo "1676"]
[BlackElo "1957"]
[PlyCount "39"]
[EventDate "2013.??.??"]

1. e4 e6 2. d4 d5 3. Nd2 Nf6 4. Bd3 c5 5. c3 Nc6 6. Ne2 cxd4 7. Nxd4 Bc5 8.
exd5 Qxd5 9. N2f3 O-O 10. O-O Rd8 11. Be3 a6 12. Nxc6 bxc6 13. Bxc5 Qxd3 14.
Qxd3 Rxd3 15. Rad1 Rd5 16. Rxd5 cxd5 17. Rd1 Ne4 18. Ba3 Bb7 19. Nd2 Nxd2 20.
Rxd2 1/2-1/2

[Event "IX Otwarty Turniej Szachowy<br>o laur am"]
[Site "Krakow"]
[Date "2013.??.??"]
[Round "4.5"]
[White "Chmiel, Marcin"]
[Black "Cebula, Alicja"]
[Result "1-0"]
[WhiteElo "1956"]
[BlackElo "1595"]
[PlyCount "65"]
[EventDate "2013.??.??"]

1. Nf3 Nf6 2. c4 Nc6 3. d4 d5 4. cxd5 Nxd5 5. e4 Nb6 6. d5 Nb8 7. Nc3 e6 8. Bf4
a6 9. Bd3 Bb4 10. O-O Bxc3 11. bxc3 exd5 12. exd5 Nxd5 13. Re1+ Be6 14. Bg5 Qd6
15. c4 Nb4 16. Bf5 Qxd1 17. Raxd1 O-O 18. Bxe6 fxe6 19. Be7 Nc2 20. Re2 Re8 21.
Rxc2 Rxe7 22. Rd8+ Kf7 23. Ne5+ Kf6 24. f4 g5 25. g3 gxf4 26. gxf4 Rg7+ 27. Rg2
Rxg2+ 28. Kxg2 Ke7 29. Rh8 h5 30. c5 a5 31. Rxh5 Na6 32. Rh7+ Kf6 33. Rf7# 1-0

[Event "IX Otwarty Turniej Szachowy<br>o laur am"]
[Site "Krakow"]
[Date "2013.??.??"]
[Round "4.6"]
[White "Chowaniec, Artur"]
[Black "Gumularz, Szymon"]
[Result "0-1"]
[WhiteElo "1540"]
[BlackElo "1926"]
[PlyCount "58"]
[EventDate "2013.??.??"]

1. d4 Nf6 2. c4 g6 3. Nf3 Bg7 4. Nc3 d5 5. cxd5 Nxd5 6. e4 Nxc3 7. bxc3 c5 8.
e5 Nc6 9. Bb5 cxd4 10. cxd4 Qa5+ 11. Bd2 Qxb5 12. Rb1 Qd5 13. Be3 O-O 14. h4
Bg4 15. Qe2 Qa5+ 16. Qd2 Bxf3 17. gxf3 Qxd2+ 18. Kxd2 Rfd8 19. Rxb7 Bxe5 20.
Ke2 Bxd4 21. Rd1 Bxe3 22. fxe3 Rdb8 23. Rc7 Rb2+ 24. Kf1 Ne5 25. f4 Nf3 26.
Rxe7 Nxh4 27. Rdd7 Rf8 28. Rxa7 Nf5 29. Re5 Rc8 0-1

[Event "IX Otwarty Turniej Szachowy<br>o laur am"]
[Site "Krakow"]
[Date "2013.??.??"]
[Round "4.7"]
[White "Klementys, Jerzy"]
[Black "Szczurek, Krzysztof"]
[Result "0-1"]
[WhiteElo "1800"]
[BlackElo "1637"]
[PlyCount "78"]
[EventDate "2013.??.??"]

1. d4 Nf6 2. c4 g6 3. Nc3 Bg7 4. Nf3 O-O 5. g3 d6 6. Bg2 Nbd7 7. e4 e5 8. d5
Nc5 9. Qc2 a5 10. Bg5 h6 11. Be3 b6 12. O-O Ng4 13. Bxc5 bxc5 14. h3 Nf6 15.
Rac1 Nh5 16. Nh4 Bf6 17. Nf3 Be7 18. Qe2 Ng7 19. Nd2 f5 20. f4 Nh5 21. Kh2 exf4
22. gxf4 Bh4 23. Rf3 fxe4 24. Qxe4 Bf5 25. Qe2 Re8 26. Qf1 Qd7 27. b3 Re7 28.
Qh1 Rae8 29. Rcf1 Re3 30. Rxe3 Rxe3 31. Rf3 Bg3+ 32. Kg1 Re1+ 33. Rf1 Rxf1+ 34.
Nxf1 Bxf4 35. Be4 Bxh3 36. Bxg6 Qg4+ 37. Kf2 Bg3+ 38. Ke3 Qf4+ 39. Kd3 Bxf1+
0-1

[Event "IX Otwarty Turniej Szachowy<br>o laur am"]
[Site "Krakow"]
[Date "2013.??.??"]
[Round "4.9"]
[White "Ptaszek, Piotr"]
[Black "Pniaczek, Marek"]
[Result "1/2-1/2"]
[WhiteElo "1724"]
[BlackElo "1467"]
[PlyCount "41"]
[EventDate "2013.??.??"]

1. e4 c5 2. Nc3 e6 3. f4 Nc6 4. Nf3 g6 5. Bb5 Nge7 6. e5 a6 7. Ne4 Ng8 8. Bxc6
dxc6 9. d4 cxd4 10. Qxd4 Qxd4 11. Nxd4 Be7 12. Be3 Nh6 13. Nb3 Nf5 14. Bb6 Bd8
15. Bxd8 Kxd8 16. O-O-O+ Ke7 17. Rd3 b6 18. Rhd1 c5 19. c4 Ra7 20. Nf6 h5 21.
g3 1/2-1/2

[Event "IX Otwarty Turniej Szachowy<br>o laur am"]
[Site "Krakow"]
[Date "2013.??.??"]
[Round "4.10"]
[White "Ochowicz, Jakub"]
[Black "Madej, Roman"]
[Result "1/2-1/2"]
[WhiteElo "1591"]
[BlackElo "1606"]
[PlyCount "51"]
[EventDate "2013.??.??"]

1. e4 c5 2. Nf3 d6 3. d4 cxd4 4. Nxd4 Nf6 5. Nc3 a6 6. Be3 e5 7. Nb3 Be6 8. Be2
Be7 9. O-O O-O 10. Qd2 Nbd7 11. Rfd1 b5 12. h3 Qc7 13. f3 Nb6 14. Nc1 d5 15.
exd5 Nbxd5 16. Nxd5 Nxd5 17. Bf2 Nf4 18. c3 Bg5 19. Qc2 Rfd8 20. Bd3 Rxd3 21.
Nxd3 Bf5 22. g3 Bxd3 23. Rxd3 Nxd3 24. Qxd3 Rd8 25. Qf5 Bh6 26. Re1 1/2-1/2

[Event "IX Otwarty Turniej Szachowy<br>o laur am"]
[Site "Krakow"]
[Date "2013.??.??"]
[Round "4.12"]
[White "Latka, Tadeusz"]
[Black "Golenia, Jan"]
[Result "1-0"]
[WhiteElo "1610"]
[BlackElo "1569"]
[PlyCount "69"]
[EventDate "2013.??.??"]

1. Nf3 Nf6 2. b3 g6 3. Bb2 Bg7 4. e3 d5 5. c4 c6 6. Be2 Bf5 7. d3 Nbd7 8. Nbd2
O-O 9. Nd4 Be6 10. O-O Qc7 11. Rb1 Rad8 12. Ba3 Nb6 13. c5 Nbd7 14. b4 a6 15.
Bb2 a5 16. a3 axb4 17. axb4 Ra8 18. Nxe6 fxe6 19. Nf3 Rfe8 20. Ng5 Nf8 21. f4
N6d7 22. Bg4 e5 23. Be6+ Nxe6 24. Nxe6 Qb8 25. Qg4 Nf6 26. Qg5 exf4 27. Rxf4
Nh5 28. Rh4 Bxb2 29. Rxb2 Ra1+ 30. Kf2 Nf6 31. Qh6 Kf7 32. Ng5+ Kg8 33. Nxh7
Rf8 34. Qxg6+ Kh8 35. Nxf6# 1-0

[Event "IX Otwarty Turniej Szachowy<br>o laur am"]
[Site "Krakow"]
[Date "2013.??.??"]
[Round "4.13"]
[White "Golda, Sebastian"]
[Black "Swiech, Joanna"]
[Result "1-0"]
[WhiteElo "1605"]
[BlackElo "1537"]
[PlyCount "53"]
[EventDate "2013.??.??"]

1. e4 e6 2. d4 d5 3. Nc3 Nf6 4. e5 Nfd7 5. f4 c5 6. Nf3 Nc6 7. Be3 Be7 8. Qd2
O-O 9. g4 a6 10. g5 b5 11. h4 b4 12. Na4 c4 13. Qg2 Rb8 14. b3 Na5 15. h5 Qc7
16. g6 h6 17. gxf7+ Rxf7 18. Rg1 Bb7 19. f5 Nf8 20. f6 Bd8 21. Bxh6 cxb3 22.
axb3 Rc8 23. Bd3 Nc6 24. fxg7 Nd7 25. Bh7+ Kxh7 26. g8=Q+ Kxh6 27. Q2g6# 1-0

[Event "IX Otwarty Turniej Szachowy<br>o laur am"]
[Site "Krakow"]
[Date "2013.??.??"]
[Round "4.16"]
[White "Peret, Ryszard"]
[Black "Usarz, Michal"]
[Result "1/2-1/2"]
[WhiteElo "1581"]
[BlackElo "1191"]
[PlyCount "60"]
[EventDate "2013.??.??"]

1. e4 e5 2. Nf3 Nf6 3. Nxe5 d6 4. Nf3 Nxe4 5. d4 d5 6. Bd3 Nc6 7. O-O Be7 8.
Re1 Nf6 9. c3 O-O 10. Bg5 Bg4 11. Nbd2 Qd6 12. Qc2 h6 13. Bh4 Rae8 14. Re3 Nh5
15. Rae1 Nf4 16. Bg3 Qf6 17. Ne5 Nxe5 18. Rxe5 Be6 19. Nf3 Bd6 20. R5e3 Re7 21.
Ne5 Rfe8 22. Rf3 g5 23. h4 Bg4 24. hxg5 hxg5 25. Rfe3 Bxe5 26. dxe5 Rxe5 27.
Qd2 Rxe3 28. Rxe3 Rxe3 29. Qxe3 Nxd3 30. Qxd3 c6 1/2-1/2

[Event "IX Otwarty Turniej Szachowy<br>o laur am"]
[Site "Krakow"]
[Date "2013.??.??"]
[Round "5.1"]
[White "Matysiak, Samuel"]
[Black "Chmiel, Marcin"]
[Result "0-1"]
[WhiteElo "1851"]
[BlackElo "1956"]
[PlyCount "29"]
[EventDate "2013.??.??"]

1. e4 g6 2. d4 Bg7 3. Nc3 c6 4. f4 d5 5. e5 Nh6 6. Nf3 Bg4 7. h3 Bxf3 8. Qxf3
Nf5 9. Qd3 h5 10. g3 Na6 11. a3 Qb6 12. Ne2 c5 13. Bg2 cxd4 14. Bxd5 Qa5+ 15.
Nc3 0-1

[Event "IX Otwarty Turniej Szachowy<br>o laur am"]
[Site "Krakow"]
[Date "2013.??.??"]
[Round "5.2"]
[White "Gumularz, Szymon"]
[Black "Peronczyk, Karol"]
[Result "1-0"]
[WhiteElo "1926"]
[BlackElo "1764"]
[PlyCount "81"]
[EventDate "2013.??.??"]

1. e4 c5 2. Nf3 b6 3. d4 cxd4 4. Nxd4 Bb7 5. Nc3 e6 6. Bd3 Nf6 7. O-O Be7 8. e5
Nd5 9. Ne4 O-O 10. Nb5 f5 11. Ned6 Bxd6 12. Nxd6 Bc6 13. c4 Nc7 14. b4 Ne8 15.
Nxe8 Qxe8 16. b5 Bb7 17. Ba3 Qg6 18. f3 Rc8 19. Bd6 a6 20. a4 a5 21. Kh1 Qg5
22. Qc1 Qxc1 23. Raxc1 Kf7 24. Rfd1 g5 25. Be2 Ke8 26. Ba3 d5 27. exd6 Nd7 28.
c5 bxc5 29. Bc4 Kf7 30. Ba2 g4 31. fxg4 Rg8 32. h3 h5 33. gxf5 Rxg2 34. fxe6+
Ke8 35. Bd5 Bxd5 36. Rxd5 Nb6 37. d7+ Kd8 38. e7+ Kxe7 39. Bxc5+ Ke6 40. Bxb6
Kxd5 41. Kxg2 1-0

[Event "IX Otwarty Turniej Szachowy<br>o laur am"]
[Site "Krakow"]
[Date "2013.??.??"]
[Round "5.3"]
[White "Deka, Konrad"]
[Black "Czarnik, Josef"]
[Result "1/2-1/2"]
[WhiteElo "1711"]
[BlackElo "2016"]
[PlyCount "77"]
[EventDate "2013.??.??"]

1. e4 c5 2. Nc3 Nc6 3. d3 g6 4. Be3 d6 5. Qd2 Bg7 6. g3 Nf6 7. Bh6 Bxh6 8. Qxh6
Be6 9. Bg2 Qb6 10. Rb1 Nb4 11. Rc1 Nxa2 12. Nxa2 Qxb2 13. Ne2 Bxa2 14. O-O Qe5
15. Ra1 Be6 16. Rfb1 g5 17. f4 gxf4 18. gxf4 Qh5 19. Qxh5 Nxh5 20. Bf3 Rg8+ 21.
Kf2 Nf6 22. Rxb7 a5 23. Rab1 Kd8 24. f5 Bc8 25. R7b6 Ra7 26. d4 Nd7 27. R6b2
Kc7 28. Nc3 Ba6 29. Nd5+ Kd8 30. dxc5 dxc5 31. Bh5 Rg7 32. Rd1 e6 33. fxe6 fxe6
34. Nf6 Ke7 35. Nxd7 Rxd7 36. Rxd7+ Kxd7 37. Rb6 Bc8 38. Rb5 Kc6 39. Rxa5
1/2-1/2

[Event "IX Otwarty Turniej Szachowy<br>o laur am"]
[Site "Krakow"]
[Date "2013.??.??"]
[Round "5.4"]
[White "Szczurek, Krzysztof"]
[Black "Janik, Andrzej"]
[Result "1/2-1/2"]
[WhiteElo "1637"]
[BlackElo "1875"]
[PlyCount "28"]
[EventDate "2013.??.??"]

1. d4 Nf6 2. c4 e6 3. Nc3 b6 4. e4 d6 5. Bd3 Bb7 6. Nf3 c5 7. d5 e5 8. O-O g6
9. Bg5 h6 10. Bh4 Bg7 11. Qa4+ Nbd7 12. Nb5 Qb8 13. Bxf6 Bxf6 14. Nc3 a6
1/2-1/2

[Event "IX Otwarty Turniej Szachowy<br>o laur am"]
[Site "Krakow"]
[Date "2013.??.??"]
[Round "5.5"]
[White "Lozynski, Kamil"]
[Black "Tikhonov, Valeri"]
[Result "1/2-1/2"]
[WhiteElo "1957"]
[BlackElo "1732"]
[PlyCount "24"]
[EventDate "2013.??.??"]

1. d4 Nf6 2. c4 g6 3. Nc3 Bg7 4. e4 O-O 5. f3 d6 6. Bg5 c5 7. d5 Nbd7 8. Qd2
Rb8 9. Bh6 a6 10. Bxg7 Kxg7 11. Nh3 Ne5 12. Nf2 Qa5 1/2-1/2

[Event "IX Otwarty Turniej Szachowy<br>o laur am"]
[Site "Krakow"]
[Date "2013.??.??"]
[Round "5.6"]
[White "Zegota, Andrzej"]
[Black "Wilk, Maciej"]
[Result "1/2-1/2"]
[WhiteElo "1742"]
[BlackElo "1676"]
[PlyCount "49"]
[EventDate "2013.??.??"]

1. e4 e5 2. Nf3 Nc6 3. Bc4 Bc5 4. c3 d6 5. d4 exd4 6. cxd4 Bb4+ 7. Bd2 Bxd2+ 8.
Nbxd2 Nf6 9. O-O O-O 10. Qc2 Bg4 11. h3 Bh5 12. Rac1 a6 13. a3 Bg6 14. Bd3 Re8
15. Qc3 Rc8 16. Bxa6 Nxd4 17. Nxd4 bxa6 18. Nc6 Qd7 19. Na7 Rb8 20. Nc6 Rb6 21.
f3 h5 22. b4 Rb7 23. Qd3 Rb6 24. Qc3 Rb7 25. Qd3 1/2-1/2

[Event "IX Otwarty Turniej Szachowy<br>o laur am"]
[Site "Krakow"]
[Date "2013.??.??"]
[Round "5.7"]
[White "Ochowicz, Jakub"]
[Black "Klementys, Jerzy"]
[Result "1-0"]
[WhiteElo "1591"]
[BlackElo "1800"]
[PlyCount "67"]
[EventDate "2013.??.??"]

1. e4 c5 2. Nf3 d6 3. d4 cxd4 4. Nxd4 Nf6 5. Nc3 a6 6. Be2 e5 7. Nb3 Be6 8. Bg5
Be7 9. Bxf6 Bxf6 10. Nd5 Bxd5 11. Qxd5 Nc6 12. O-O O-O 13. Rfd1 Be7 14. c3 Qb6
15. Rab1 Kh8 16. Nd2 Rad8 17. b4 f5 18. a4 Bh4 19. g3 Ne7 20. Qd3 fxe4 21. Nxe4
d5 22. Nc5 e4 23. Qd2 Qg6 24. Nxb7 Rb8 25. Nc5 Nf5 26. Bf1 e3 27. fxe3 Bg5 28.
Qe2 Bxe3+ 29. Kh1 Nxg3+ 30. hxg3 Qxg3 31. Qg2 Qd6 32. Rxd5 Qh6+ 33. Qh2 Qg6 34.
Bd3 1-0

[Event "IX Otwarty Turniej Szachowy<br>o laur am"]
[Site "Krakow"]
[Date "2013.??.??"]
[Round "5.8"]
[White "Lewczuk, Antoni"]
[Black "Ptaszek, Piotr"]
[Result "0-1"]
[WhiteElo "1588"]
[BlackElo "1724"]
[PlyCount "112"]
[EventDate "2013.??.??"]

1. c4 f5 2. b3 Nf6 3. Bb2 e6 4. g3 c6 5. Bg2 d5 6. e3 Be7 7. Ne2 O-O 8. O-O
Nbd7 9. Nf4 Nb6 10. Qc2 Qe8 11. c5 g5 12. Nh3 Nbd7 13. Nxg5 Nxc5 14. d3 Qh5 15.
Nf3 Ncd7 16. Qc3 Bd6 17. Nbd2 e5 18. Nh4 e4 19. dxe4 fxe4 20. f4 Nc5 21. Rad1
Bg4 22. Ra1 Be2 23. Rfb1 Nd3 24. a3 Nxb2 25. Qxb2 Be7 26. Bf1 Bxf1 27. Nxf1 Ng4
28. Qg2 Bxh4 29. gxh4 Kf7 30. Qh3 Rg8 31. Ng3 Nf6 32. Ra2 Rg4 33. Kf1 Rxh4 34.
Nxh5 Rxh3 35. Nxf6 Kxf6 36. Rg2 Rxe3 37. Rg3 Rxg3 38. hxg3 d4 39. Ke2 Rg8 40.
Rg1 h5 41. Kf2 Rg4 42. Rc1 h4 43. gxh4 Rxf4+ 44. Kg3 Rf3+ 45. Kg4 d3 46. Rd1
Rf2 47. Kg3 Rf5 48. Kg4 e3 49. Rxd3 e2 50. Rd6+ Ke5 51. Rd7 Ke4 52. Rxb7 e1=Q
53. Re7+ Re5 54. Rb7 Qg1+ 55. Kh3 Rf5 56. Re7+ Kf4 0-1

[Event "IX Otwarty Turniej Szachowy<br>o laur am"]
[Site "Krakow"]
[Date "2013.??.??"]
[Round "5.9"]
[White "Poreba, Witold"]
[Black "Latka, Tadeusz"]
[Result "0-1"]
[WhiteElo "1474"]
[BlackElo "1610"]
[PlyCount "38"]
[EventDate "2013.??.??"]

1. e4 c6 2. d4 d5 3. exd5 cxd5 4. Bb5+ Nc6 5. Nf3 Qb6 6. Bxc6+ bxc6 7. O-O Nf6
8. c3 Bg4 9. h3 Bh5 10. Qd3 e6 11. b4 a5 12. bxa5 Rxa5 13. Nfd2 Qa7 14. Qc2 Bg6
15. Qb2 Bd6 16. c4 O-O 17. Nb3 Rb8 18. c5 Bf8 19. Qd2 Rxb3 0-1

[Event "IX Otwarty Turniej Szachowy<br>o laur am"]
[Site "Krakow"]
[Date "2013.??.??"]
[Round "5.10"]
[White "Madej, Roman"]
[Black "Chowaniec, Artur"]
[Result "1-0"]
[WhiteElo "1606"]
[BlackElo "1540"]
[PlyCount "90"]
[EventDate "2013.??.??"]

1. d4 Nf6 2. c4 e6 3. Nc3 d5 4. cxd5 exd5 5. Bg5 Be7 6. e3 O-O 7. Bd3 h6 8. Bh4
Nc6 9. a3 a6 10. Nge2 Be6 11. O-O Qd6 12. Bg3 Qd7 13. Nf4 Bd6 14. Nxe6 Qxe6 15.
Bxd6 Qxd6 16. b4 a5 17. b5 Ne7 18. Qb3 b6 19. a4 h5 20. Ne2 g5 21. f3 Rae8 22.
e4 dxe4 23. fxe4 Ng4 24. e5 Qh6 25. Bc4 Qg7 26. h3 Nh6 27. Ng3 Kh8 28. Rf6 h4
29. Nh5 Qh7 30. Bd3 Ng6 31. Raf1 Qg8 32. Bxg6 fxg6 33. Rxf8 Rxf8 34. Qxg8+ Kxg8
35. Nf6+ Kh8 36. Rc1 Rf7 37. d5 Nf5 38. Ne4 Nd4 39. Rc4 Ne2+ 40. Kh2 Rf4 41. d6
cxd6 42. exd6 Ng3 43. Rc8+ Kg7 44. d7 Rxe4 45. d8=Q Rf4 1-0

[Event "IX Otwarty Turniej Szachowy<br>o laur am"]
[Site "Krakow"]
[Date "2013.??.??"]
[Round "5.11"]
[White "Pniaczek, Marek"]
[Black "Golda, Sebastian"]
[Result "0-1"]
[WhiteElo "1467"]
[BlackElo "1605"]
[PlyCount "56"]
[EventDate "2013.??.??"]

1. e4 e5 2. Nf3 Nc6 3. Bc4 Bc5 4. O-O Nf6 5. d4 exd4 6. e5 d5 7. exf6 dxc4 8.
Re1+ Be6 9. Ng5 Qd5 10. Nc3 Qf5 11. g4 Qxf6 12. Nd5 Qd8 13. Rxe6+ fxe6 14. Nxe6
Qd6 15. Ndxc7+ Kd7 16. Bf4 Qe7 17. Nxc5+ Qxc5 18. Nxa8 Rxa8 19. Qd2 Rf8 20. Bg3
Qd5 21. a3 d3 22. cxd3 cxd3 23. Rd1 Re8 24. Qc3 Nd4 25. Qc7+ Ke6 26. Rxd3 Ne2+
27. Kf1 Qxd3 28. Qe5+ Kf7 0-1

[Event "IX Otwarty Turniej Szachowy<br>o laur am"]
[Site "Krakow"]
[Date "2013.??.??"]
[Round "5.14"]
[White "Usarz, Michal"]
[Black "Kowalski, Piotr"]
[Result "0-1"]
[WhiteElo "1191"]
[BlackElo "2045"]
[PlyCount "102"]
[EventDate "2013.??.??"]

1. e4 c5 2. c3 e5 3. Nf3 Nc6 4. Bc4 Qc7 5. Ng5 Nd8 6. Qb3 d6 7. Bb5+ Bd7 8. Na3
Nf6 9. d3 Be7 10. Bxd7+ Qxd7 11. Qb5 a6 12. Qxd7+ Nxd7 13. O-O b5 14. Be3 O-O
15. Rfe1 f5 16. exf5 Rxf5 17. Ne4 Ne6 18. Nc2 Rc8 19. Rad1 d5 20. Ng3 Rf7 21.
Re2 Nf4 22. Bxf4 exf4 23. Nf1 Bd6 24. Re6 Rf6 25. Rde1 Kf7 26. Rxf6+ Kxf6 27.
d4 c4 28. g3 g5 29. Nd2 a5 30. Nf3 Kf5 31. Kg2 h5 32. h4 g4 33. Ng5 Nf6 34. Re6
Ne4 35. Nxe4 Kxe6 36. Ng5+ Kf5 37. Kf1 Re8 38. a3 Be7 39. Nf7 Ke4 40. Ke2 Rf8
41. Ne5 Bd6 42. Nc6 fxg3 43. fxg3 Bxg3 44. Nxa5 Rf2+ 45. Kd1 Bxh4 46. b3 g3 47.
bxc4 g2 48. Kc1 g1=Q+ 49. Kb2 dxc4 50. a4 Rxc2+ 51. Ka3 Be7# 0-1

[Event "IX Otwarty Turniej Szachowy<br>o laur am"]
[Site "Krakow"]
[Date "2013.??.??"]
[Round "5.16"]
[White "Swiech, Joanna"]
[Black "Puklo, Tomasz"]
[Result "1-0"]
[WhiteElo "1537"]
[BlackElo "1361"]
[PlyCount "35"]
[EventDate "2013.??.??"]

1. d4 d5 2. c4 Nf6 3. Nc3 Bf5 4. Nf3 e6 5. Bg5 Be7 6. e3 O-O 7. Be2 c5 8. O-O
Nc6 9. dxc5 dxc4 10. Bxc4 Bxc5 11. Qe2 h6 12. Bh4 Qe7 13. e4 Bh7 14. e5 g5 15.
exf6 Qxf6 16. Bg3 g4 17. Ne5 Nd4 18. Qxg4+ 1-0